| Tag |
First Indicator |
Second Indicator |
Subfields |
| LEADER |
00000cam a2200000 a 4500 |
| 001 |
in00002786679 |
| 005 |
20151202172136.0 |
| 008 |
060413s2005 enka 000 0 eng c |
| 020 |
|
|
|a 1846088267
|
| 020 |
|
|
|a 9781846088261
|
| 035 |
|
|
|a (OCoLC)ocm69984125
|
| 035 |
|
|
|a (OCoLC)69984125
|
| 040 |
|
|
|a EQO
|c EQO
|d TXA
|d UtOrBLW
|
| 042 |
|
|
|a pcc
|
| 043 |
|
|
|a e-uk---
|
| 049 |
|
|
|a TXAM
|
| 050 |
|
4 |
|a HE243.A2
|b P74 2005
|
| 100 |
1 |
|
|a Preston, John,
|d 1960-
|
| 245 |
1 |
4 |
|a The deregulation and privatisation of public transport in Britain :
|b twenty years on /
|c John Preston.
|
| 264 |
|
1 |
|a Wokingham :
|b Transport Research Foundation,
|c 2005.
|
| 300 |
|
|
|a iv, 16 pages :
|b color illustrations ;
|c 30 cm.
|
| 336 |
|
|
|a text
|b txt
|2 rdacontent
|
| 337 |
|
|
|a unmediated
|b n
|2 rdamedia
|
| 338 |
|
|
|a volume
|b nc
|2 rdacarrier
|
| 490 |
1 |
|
|a Transport Research Foundation fellowship lecture
|
| 500 |
|
|
|a "Lecture delivered 5th May 2004 The Mary Ogilvie Lecture Theatre, St. Anne's College, Oxford."
|
| 650 |
|
0 |
|a Transportation
|z Great Britain
|x Statistics.
|
| 650 |
|
0 |
|a Transportation
|x Research
|z Great Britain.
|
| 650 |
|
0 |
|a Privatization
|z Great Britain
|x Statistics.
|
| 650 |
|
0 |
|a Deregulation
|z Great Britain
|x Statistics.
|
| 650 |
|
0 |
|a Government ownership
|z Great Britain
|x Statistics.
|
| 650 |
|
0 |
|a Industrial policy
|z Great Britain
|x Statistics.
|
| 710 |
2 |
|
|a Transport Research Foundation (Great Britain)
|
| 830 |
|
0 |
|a Transport Research Foundation fellowship lecture.
|
| 948 |
|
|
|a cataloged
|b h
|c 2012/12/18
|d c
|e mwilson
|f 4:35:32 pm
|
| 994 |
|
|
|a C0
|b TXA
|
| 999 |
|
|
|a MARS
|
| 999 |
f |
f |
|s 8849600a-bc0f-3407-8f50-8114a5ec0eda
|i 844dad1b-c32c-384a-b3dc-3771f9a80975
|t 0
|
| 952 |
f |
f |
|p normal
|a Texas A&M University
|b College Station
|c Sterling C. Evans Library
|d Evans: Library Stacks
|t 0
|e HE243.A2 P74 2005
|h Library of Congress classification
|i unmediated -- volume
|m A14841528200
|
| 998 |
f |
f |
|a HE243.A2 P74 2005
|t 0
|l Evans: Library Stacks
|